Property research in Europe : papers presented at a series of technical seminars held...in Spring 1990 (Record no. 93446)
[ view plain ]
| 000 -LEADER | |
|---|---|
| fixed length control field | 01002cam a2200325 4500 |
| 001 - CONTROL NUMBER | |
| control field | B3139 |
| 008 - FIXED-LENGTH DATA ELEMENTS--GENERAL INFORMATION | |
| fixed length control field | 090401t1990 xxu||||| |||| 00| 0 eng d |
| 035 ## - SYSTEM CONTROL NUMBER | |
| System control number | (Sirsi) u54247 |
| 041 ## - LANGUAGE CODE | |
| Language code of text/sound track or separate title | eng |
| 050 ## - LIBRARY OF CONGRESS CALL NUMBER | |
| Classification number | 333.3307204 |
| 110 ## - MAIN ENTRY--CORPORATE NAME | |
| Corporate name or jurisdiction name as entry element | Society of Property Researchers |
| 9 (RLIN) | 23 |
| 245 ## - TITLE STATEMENT | |
| Title | Property research in Europe : papers presented at a series of technical seminars held...in Spring 1990 |
| 260 ## - PUBLICATION, DISTRIBUTION, ETC. | |
| Place of publication, distribution, etc. | London |
| Name of publisher, distributor, etc. | Society of Property Researchers |
| Date of publication, distribution, etc. | 1990 |
| 300 ## - PHYSICAL DESCRIPTION | |
| Extent | 70p. : ill.,maps ; 30cm. |
| 350 ## - PRICE (NR) (BK AM CF MU VM SE) [OBSOLETE] | |
| Price | 7.5 |
| 520 ## - SUMMARY, ETC. | |
| Summary, etc. | Papers by Dennis Hay, Alain Danan, Jacques Koolen, Martin Green, Paul Cheshire Frank Carter. |
| 650 ## - SUBJECT ADDED ENTRY--TOPICAL TERM | |
| Topical term or geographic name entry element | CARTER FRANK |
| 650 ## - SUBJECT ADDED ENTRY--TOPICAL TERM | |
| Topical term or geographic name entry element | CHESHIRE PAUL |
| 650 ## - SUBJECT ADDED ENTRY--TOPICAL TERM | |
| Topical term or geographic name entry element | DANAN ALAIN |
| 650 ## - SUBJECT ADDED ENTRY--TOPICAL TERM | |
| Topical term or geographic name entry element | EASTERN EUROPE |
| 650 ## - SUBJECT ADDED ENTRY--TOPICAL TERM | |
| Topical term or geographic name entry element | EUROPEAN COMMUNITY |
| 650 ## - SUBJECT ADDED ENTRY--TOPICAL TERM | |
| Topical term or geographic name entry element | GREEN MARTIN |
| 650 ## - SUBJECT ADDED ENTRY--TOPICAL TERM | |
| Topical term or geographic name entry element | HAY DENNIS |
| 650 ## - SUBJECT ADDED ENTRY--TOPICAL TERM | |
| Topical term or geographic name entry element | KOOLEN JACQUES |
| 650 ## - SUBJECT ADDED ENTRY--TOPICAL TERM | |
| Topical term or geographic name entry element | OFFICES |
| 650 ## - SUBJECT ADDED ENTRY--TOPICAL TERM | |
| Topical term or geographic name entry element | SHOPS |
| 710 ## - ADDED ENTRY--CORPORATE NAME | |
| Corporate name or jurisdiction name as entry element | Royal Institution of Chartered Surveyors |
| 9 (RLIN) | 4900 |
| 942 ## - ADDED ENTRY ELEMENTS (KOHA) | |
| Suppress in OPAC | 0 |
| 948 ## - LOCAL PROCESSING INFORMATION (OCLC); SERIES PART DESIGNATOR (RLIN) | |
| c (OCLC) | 04/03/1997 |
| Withdrawn status | Lost status | Source of classification or shelving scheme | Damaged status | Not for loan | Home library | Current library | Shelving location | Date acquired | Cost, normal purchase price | Total Checkouts | Full call number | Barcode | Date last seen | Date last checked out | Copy number | Cost, replacement price | Price effective from | Koha item type |
|---|---|---|---|---|---|---|---|---|---|---|---|---|---|---|---|---|---|---|
| Dewey Decimal Classification | London | London | Basement | 14/09/1999 | 7.50 | 1 | BASEMENT | 30001094 | 06/08/2019 | 19/06/2000 | 2 | 7.50 | 06/08/2019 | Book | ||||
| Dewey Decimal Classification | London | London | Folio | 14/09/1999 | 7.50 | BASEMENT | 30001095 | 06/08/2019 | 3 | 7.50 | 06/08/2019 | Reference material | ||||||
| Dewey Decimal Classification | London | London | Basement | 27/05/2004 | SHELF 134 | 30001091 | 06/08/2019 | 1 | 06/08/2019 | Book |